000 01367nam a22003977a 4500
003 CHAP
005 20220329143756.0
008 110809s2005 us a r 00010 eng d
010 _a101757
011 _a102729
020 _a3540221913
035 _a113418
040 _cCHAP
082 0 4 _a577.3
_bF76
245 0 0 _aForest diversity and function:
_btemperate and boreal systems
_c/editado por M. Scherer - Lorenzen, Ch. Körner y E. D. Schulze
260 _aNew York :
_bSpringer,
_c2005
300 _axxi, 399 p. :
_bilus. ;
490 _aEcological studies
_vv. 176
590 _aBATCH-UPD
_b10
_c20130110
_lUCH01
_h1327
590 _aBATCH-UPD
_b10
_c20130410
_lUCH01
_h0833
590 _aBATCH-UPD
_b10
_c20130914
_lUCH01
_h0630
590 _aCONVERSION
_b10
_c20130109
_lUCH01
_h1356
650 1 4 _aBiodiversidad.
_912724
650 1 4 _aBosques y clima.
_914427
650 1 4 _aBosques
_xEcología.
_914131
650 1 4 _aBosques
_xEfecto del medio ambiente.
_914133
650 1 4 _aBosques
_xRegiones templadas.
_914380
650 1 4 _aRegiones árticas.
_995691
700 0 _aSchulze, E. D.
_eed.
_9103237
700 1 _aKörner, Christian
_eed.
_964176
700 1 _aScherer, Lorenzen, M.
_eEd.
_9102974
830 0 _aEcological studies
_vv. 176
_935133
901 _aBK
942 _cLIBRO
949 _a577.3 F76
_bBC
_cLIBRO
_d33724002247074
_eLIBRO
_h115516
_i113418
_sb
999 _c101757
_d101757